00271nam a2200121Ia 4500008004100000100001700041245002100058260002500079300000900104650001200113942000700125999001700132190216s9999||||xx |||||||||||||| ||und|| aBernard Shaw 0aArms And The Man bOrient Longmanc1971 a112p aEnglish cBK c13880d13880